निर्दोष हत्यारा (Record no. 210487)

MARC details
000 -LEADER
fixed length control field 00931nam a22002057a 4500
005 - DATE AND TIME OF LATEST TRANSACTION
control field 20250613120912.0
010 ## - LCCN (DPL NO)
LC control number HIN-129559
020 ## - INTERNATIONAL STANDARD BOOK NUMBER
International Standard Book Number 9788195775620
035 ## - SYSTEM CONTROL NUMBER
System control number HN-101905
037 ## - SOURCE OF ACQUISITION
Source of stock number/acquisition DBAD
082 ## - DEWEY DECIMAL CLASSIFICATION NUMBER
Classification number
Edition number प्रथम
100 ## - MAIN ENTRY--PERSONAL NAME
Personal name सुरजीत
245 ## - TITLE STATEMENT
Title निर्दोष हत्यारा
Statement of responsibility, etc सुरजीत
Remainder of title विश्व प्रसिद्ध चार लघु उपन्यास
250 ## - EDITION STATEMENT
Edition statement प्रथम
260 ## - PUBLICATION, DISTRIBUTION, ETC. (IMPRINT)
Place of publication, distribution, etc दिल्ली
Name of publisher, distributor, etc श्री प्रकाशन
Date of publication, distribution, etc 2022
270 ## - ADDRESS
Address ए-402 विद्युत अपार्टमेंट, 81 आई.पी. पटपड़गंज
City दिल्ली
Postal code 110092
Telephone number 09999553332
Electronic mail address info@shilalekhbooks.com
-- shilalekhbooks@rediffmail.com
300 ## - PHYSICAL DESCRIPTION
Extent 136पृ.;
Dimensions 23 सेमी (सजिल्द)
700 ## - ADDED ENTRY--PERSONAL NAME
9 (RLIN) 79574
Personal name सुरजीत
942 ## - ADDED ENTRY ELEMENTS (KOHA)
Source of classification or shelving scheme Dewey Decimal Classification
Item type Hindi Books
Classification part
Call number suffix सुर
Edition प्रथम
Holdings
Withdrawn status Lost status Not for loan Collection code Home library Current library Date acquired Source of acquisition Cost, normal purchase price Full call number Barcode Copy number Cost, replacement price Koha item type
      Fiction RC3 Shakur Pur RC3 Shakur Pur 25/03/2025 DBAD 350.00 उ सुर HN-101905 1 350.00 Hindi Books

© Delhi Public Library
Hit Counter
free hit counter